000 00752nam a2200289Ia 4500
003 OSt
005 20221007110858.0
006 a|||||r|||| 00| 0
007 ta
008 221006b |||||||| |||| 00| 0 eng d
020 _a0406214042
024 _a22,050
037 _cTextual
040 _aLCO
_cLCO
_beng
041 _2eng
_aeng
082 _aX72991:(Z), L1
100 _aGreen
245 0 _aDeath Duties
250 _a7th
260 _aLondon
_bButterworths & Co. (Publishers) Ltd. U.K.
_c1971
300 _a1214+41
650 _aDEATH
_9288092
700 _a Lawday D.J.
_9688863
700 _a Mann E.J.
_9688864
942 _hX72991:(Z), L1
_cTEXL
999 _c1191613
_d1191613